Stranger Things Trivia #J - Statistics

General Stats
  • This quiz has been taken 38 times
  • The average score is 7 of 10
Answer Stats
Hint Answer % Correct
Elevens real name Jane
96%
Communicating with her son through lights Joyce Byers
96%
First name of Chief Hopper Jim
92%
Older brother of Will Jonathan Byers
92%
Captain of the Hawkins Highschool basketball team Jason Carver
80%
Episode name in Season 1: "Holly __" Jolly
76%
Rick Lipton is in __, thats why his house is empty and Eddie hides there Jail
64%
In the Season 2 Episode 6 The Spy: Max asks what happens if the Mind Flayer finds out where they are, and Lucas says it will be "__day." Judgement
40%
Unknown Hero Agent Man gets buried in such a place Junkyard
32%
Name of Dustin snake Jake
16%
No matching quizzes found
Score Distribution
Percent of People with Each Score
Percentile by Number Answered
Your Score History
You have not taken this quiz